00000000nam##2200000za#4500
0019.569083
003CaOODSP
00520210624181608
007cr |||||||||||
008150406|2000||||xxc|||||o    f|0| 0 eng|d
040 |aCaOODSP|beng
043 |an-cn---
0861 |aBT31-4/55-2000E-PDF
1101 |aCanada. |bTreasury Board.
24510|aNatural Sciences and Engineering Research Council of Canada, performance report for the period ending March 31, 2000 |h[electronic resource]
2463 |aNSERC-CRSNG, Departmental Performance Report for the period ending March 31, 2000
260 |aOttawa - Ontario : |bTreasury Board of Canada Secretariat |cc2000.
300 |a62p.|bcoloured map, graphs, illus. (some coloured), organization charts, tables
4901 |aPerformance report for the period ending March 31, 2000 |vFor the period ending March 31, 2000
500 |aThe catalogue number (BT31-4/55-2000) and ISBN (0-660-61386-7) for the bilingual print edition have been incorrectly copied in this electronic publication.
590 |a11-04-Supp|b2011-02-17
77508|tConseil de recherches en sciences naturelles et en génie du Canada, rapport sur le rendement pour la période se terminant le 31 mars 2000 |w(CaOODSP)9.600324
7760#|tNatural Sciences and Engineering Research Council of Canada |w(CaOODSP)9.534166
7760#|tConseil de recherches en sciences naturelles et en génie du Canada |w(CaOODSP)9.534167
830#0|aPerformance report for the period ending March 31, 2000 ;|vFor the period ending March 31, 2000|w(CaOODSP)9.506305
85640|ahttp://publications.gc.ca|qPDF|s542 KB|uhttps://publications.gc.ca/collections/Collection/BT31-4-55-2000E.pdf|yFor the period ending March 31, 2000